<?xml version="1.0" encoding="UTF-8"?><?xml-stylesheet type="text/xsl" href="static/style.xsl"?><OAI-PMH xmlns="http://www.openarchives.org/OAI/2.0/" xmlns:xsi="http://www.w3.org/2001/XMLSchema-instance" xsi:schemaLocation="http://www.openarchives.org/OAI/2.0/ http://www.openarchives.org/OAI/2.0/OAI-PMH.xsd"><responseDate>2026-04-13T01:32:25Z</responseDate><request verb="GetRecord" identifier="oai:www.recercat.cat:11351/4054" metadataPrefix="marc">https://recercat.cat/oai/request</request><GetRecord><record><header><identifier>oai:recercat.cat:11351/4054</identifier><datestamp>2026-04-04T03:10:49Z</datestamp><setSpec>com_2072_378070</setSpec><setSpec>com_2072_378040</setSpec><setSpec>col_2072_378092</setSpec></header><metadata><record xmlns="http://www.loc.gov/MARC21/slim" xmlns:dcterms="http://purl.org/dc/terms/" xmlns:xsi="http://www.w3.org/2001/XMLSchema-instance" xmlns:doc="http://www.lyncode.com/xoai" xsi:schemaLocation="http://www.loc.gov/MARC21/slim http://www.loc.gov/standards/marcxml/schema/MARC21slim.xsd">
   <leader>00925njm 22002777a 4500</leader>
   <datafield ind2=" " ind1=" " tag="042">
      <subfield code="a">dc</subfield>
   </datafield>
   <datafield ind2=" " ind1=" " tag="720">
      <subfield code="a">Barroso, Maria</subfield>
      <subfield code="e">author</subfield>
   </datafield>
   <datafield ind2=" " ind1=" " tag="720">
      <subfield code="a">Sánchez Montalvá, Adrián</subfield>
      <subfield code="e">author</subfield>
   </datafield>
   <datafield ind2=" " ind1=" " tag="720">
      <subfield code="a">Bosch Nicolau, Pau</subfield>
      <subfield code="e">author</subfield>
   </datafield>
   <datafield ind2=" " ind1=" " tag="720">
      <subfield code="a">Molina Romero, Israel</subfield>
      <subfield code="e">author</subfield>
   </datafield>
   <datafield ind2=" " ind1=" " tag="720">
      <subfield code="a">Salvador Velez, Fernando M</subfield>
      <subfield code="e">author</subfield>
   </datafield>
   <datafield ind2=" " ind1=" " tag="260">
      <subfield code="c">2019-05-02T11:22:20Z</subfield>
   </datafield>
   <datafield ind2=" " ind1=" " tag="260">
      <subfield code="c">2019-05-02T11:22:20Z</subfield>
   </datafield>
   <datafield ind2=" " ind1=" " tag="260">
      <subfield code="c">2019-03-12</subfield>
   </datafield>
   <datafield ind2=" " ind1=" " tag="520">
      <subfield code="a">Strongyloides stercoralis; Systematic review; Spain</subfield>
   </datafield>
   <datafield ind2=" " ind1=" " tag="520">
      <subfield code="a">Strongyloides stercoralis; Revisió sistemàtica; Espanya</subfield>
   </datafield>
   <datafield ind2=" " ind1=" " tag="520">
      <subfield code="a">Strongyloides stercoralis; Revisión sistemática; España</subfield>
   </datafield>
   <datafield ind2=" " ind1=" " tag="520">
      <subfield code="a">BACKGROUND:&#xd;
Strongyloides stercoralis infection, a neglected tropical disease, is widely distributed. Autochthonous cases have been described in Spain, probably infected long time ago. In recent years the number of diagnosed cases has increased due to the growing number of immigrants, travelers and refugees, but endemically acquired cases in Spain remains undetermined.&#xd;
&#xd;
METHODOLOGY:&#xd;
We systematically searched the literature for references on endemic strongyloidiasis cases in Spain. The articles were required to describe Strongyloides stercoralis infection in at least one Spanish-born person without a history of travel to endemic areas and be published before 31st May 2018. Epidemiological data from patients was collected and described individually as well as risk factors to acquisition of the infection, diagnostic technique that lead to the diagnosis, presence of eosinophilia and clinical symptoms at diagnosis.&#xd;
&#xd;
FINDINGS:&#xd;
Thirty-six studies were included, describing a total of 1083 patients with an average age of 68.3 years diagnosed with endemic strongyloidiasis in Spain. The vast majority of the cases were described in the province of Valencia (n = 1049). Two hundred and eight of the 251 (82.9%) patients in whom gender was reported were male, and most of them had current or past dedication to agriculture. Seventy percent had some kind of comorbidity. A decreasing trend in the diagnosed cases per year is observed from the end of last decade. However, there are still nefigw diagnoses of autochthonous cases of strongyloidiasis in Spain every year.&#xd;
&#xd;
CONCLUSIONS:&#xd;
With the data provided by this review it is likely that in Spain strongyloidiasis might have been underestimated. It is highly probable that the infection remains undiagnosed in many cases due to low clinical suspicion among Spanish population without recent travel history in which the contagion probably took place decades ago.</subfield>
   </datafield>
   <datafield tag="653" ind2=" " ind1=" ">
      <subfield code="a">Intestins - Infeccions</subfield>
   </datafield>
   <datafield tag="653" ind2=" " ind1=" ">
      <subfield code="a">Helmints</subfield>
   </datafield>
   <datafield tag="653" ind2=" " ind1=" ">
      <subfield code="a">Epidemiologia - Espanya</subfield>
   </datafield>
   <datafield tag="653" ind2=" " ind1=" ">
      <subfield code="a">DISEASES::Parasitic Diseases::Helminthiasis::Nematode Infections::Secernentea Infections::Rhabditida Infections::Strongyloidiasis</subfield>
   </datafield>
   <datafield tag="653" ind2=" " ind1=" ">
      <subfield code="a">GEOGRAPHICALS::Geographic Locations::Europe::Spain</subfield>
   </datafield>
   <datafield tag="653" ind2=" " ind1=" ">
      <subfield code="a">DISEASES::Hemic and Lymphatic Diseases::Hematologic Diseases::Leukocyte Disorders::Eosinophilia</subfield>
   </datafield>
   <datafield tag="653" ind2=" " ind1=" ">
      <subfield code="a">Other subheadings::Other subheadings::Other subheadings::/epidemiology</subfield>
   </datafield>
   <datafield tag="653" ind2=" " ind1=" ">
      <subfield code="a">HEALTH CARE::Environment and Public Health::Public Health::Endemic Diseases</subfield>
   </datafield>
   <datafield tag="653" ind2=" " ind1=" ">
      <subfield code="a">ENFERMEDADES::enfermedades parasitarias::helmintiasis::infecciones por nematodos::infecciones por Secernentea::infecciones por Rhabditida::estrongiloidiasis</subfield>
   </datafield>
   <datafield tag="653" ind2=" " ind1=" ">
      <subfield code="a">DENOMINACIONES GEOGRÁFICAS::Ubicaciones Geográficas::Europa (Continente)::España</subfield>
   </datafield>
   <datafield tag="653" ind2=" " ind1=" ">
      <subfield code="a">ENFERMEDADES::enfermedades hematológicas y linfáticas::enfermedades hematológicas::trastornos leucocitarios::eosinofilia</subfield>
   </datafield>
   <datafield tag="653" ind2=" " ind1=" ">
      <subfield code="a">Otros calificadores::Otros calificadores::Otros calificadores::/epidemiología</subfield>
   </datafield>
   <datafield tag="653" ind2=" " ind1=" ">
      <subfield code="a">ATENCIÓN DE SALUD::ambiente y salud pública::salud pública::enfermedades endémicas</subfield>
   </datafield>
   <datafield ind2="0" ind1="0" tag="245">
      <subfield code="a">Strongyloides stercoralis infection: A systematic review of endemic cases in Spain</subfield>
   </datafield>
</record></metadata></record></GetRecord></OAI-PMH>